Statistics for Neighborhoods of New York City

Click here to take the quiz!

General Stats

  • This quiz has been taken 12,146 times
  • The average score is 10 of 21

Answer Stats

HintNeighborhood% Correct
Chinese area in ManhattanChinatown
85%
Most famous African-American
neighborhood
Harlem
85%
Formerly gritty area now gentrifiedHell's {Kitchen}
83%
Beach and amusement area in Brooklyn,
not actually an island
{Coney} Island
77%
"The Village"{Greenwich} Village
73%
Famous Italian neighborhood -
not very Italian now
Little Italy
69%
Where the busiest pedestrian
intersection can be found
Times Square
68%
South of HoustonSoHo
62%
World Trade Center area{Financial} District
60%
Area that once had a large meat industry{Meatpacking}
District
55%
Where Jerry Seinfeld livedUpper West Side
39%
Triangle below Canal StreetTribeca
39%
Hispanic neighbor of the aboveSpanish Harlem
39%
Fashion industry center. Former
clothes manufacturing area
{Garment} District
33%
Manhattan's central business districtMidtown
31%
Brooklyn neighborhood famously
infested with hipsters
Williamsburg
31%
Russian neighborhood near the above{Brighton} Beach
27%
Queens site of the 1964 World's FairFlushing
26%
Brooklyn neighborhood with trendy momsPark {Slope}
25%
Literally, north of the aboveNolita
23%
Featured in "Gangs of New York"Five {Points]
15%

Score Distribution

Percentile by Number Answered

Percent of People with Each Score

Your Score History

You have not taken this quiz